[Proizvodstvennyj process i okružajuščaja sreda]

Enregistré dans:
Détails bibliographiques
Auteur principal: Sáčeková, Iveta, 1959-
Format: Chapitre de livre
Langue:slovaque
Tags: Ajouter un tag
Pas de tags, Soyez le premier à ajouter un tag!

MARC

LEADER 00000naa a2200000 4500
001 0175474
005 20220822091119.2
041 0 |a slo 
044 |a SK 
245 1 0 |a [Proizvodstvennyj process i okružajuščaja sreda]  |c Iveta Sáčeková 
100 1 |a Sáčeková, Iveta, 1959-